Aktuelle Modelle von Renault - Statistiken

Allgemein
  • Dieses Quiz wurde 65 mal gespielt
  • Das Durchschnittsergebnis liegt bei 7 aus 16
Antwortstatistiken
Anfangsbuchstabe Antwort % Korrekt
M Mégane
86%
M Mégane RS
86%
C Clio
83%
Z ZOE
61%
T Twingo
58%
C Captur
56%
K Kangoo
47%
E Espace
46%
S Scénic
46%
K Koleos
34%
T Talisman
31%
K Kadjar
29%
M Master
20%
T Twizy
20%
T Trafic
19%
A Alaskan
10%
Keine übereinstimmenden Quizze gefunden
Verteilung der Resultate
Anzahl Personen mit jedem Resultat
Perzentil nach korrekt beantworteten Fragen
Ihre Resultats-Entwicklung
Sie haben dieses Quiz noch nicht gespielt